|
|
|
แสดงรายละเอียดบรรณานุกรม |
|
|||
| ห้องสมุดโรงเรียนพะเยาพิทยาคม...ยินดีต้อนรับ...ทุกท่านเข้าสู่ระบบห้องสมุดอัตโนมัติ | ||||
|
Brief Record
: Get Marc (ISO 2709)
: E-mail record
: |
|
|
| LEADER 00000nam 2200000uu 4500 | |||
| 001 13399113209 | |||
| 003 ULIBM | |||
| 008 121112s2547||||th 000 0 tha d | |||
| 020 ^a9747383713 | |||
| 082 ^a959.8 ^bท117ช | |||
| 100 ^aทวีศักดิ์ เผือกสม | |||
| 245 ^aอินโดนีเซีย รายา รัฐจารีตสู่ชาติในจินตนาการ/^cโดยทวีศักดิ์ เผือกสม | |||
| 250 ^aพิมพ์ครั้งที่ 2 | |||
| 260 ^aกรุงเทพมหานคร:^bเมืองโบราณ,^c2547 | |||
| 300 ^a184 หน้า^b22 ซม. | |||
| 650 ^aอินโดนีเซีย-ประวัติศาสตร์ | |||
| 945 ^p190^l0^i29999 | |||
| 999 ^aวทัญญู | |||
| คุณยังไม่ได้ล็อกอิน คุณสามารถมีกิจกรรมร่วมกับเว็บไซต์ได้ แต่ต้องล็อกอินก่อน :: |
|
| สถานะ | |||||||||
| 1. | หนังสือ | 959.8 ท117ช 2547 Barcode: 29999 | ►หนังสือทั่วไป | On Shelf ขอยืม | |||||
| [แสดง 1/1 รายการ] | |||||||||
หนังสือดีน่าอ่าน

“ดั่งดวงแก้ว ส่องสว่าง ทางสายงาม”
จัดทำขึ้นเพื่อเฉลิมพระเกียรติ สมเด็จพระเทพรัตนราชสุดา ฯ สยามบรมราชกุมารี
เนื่องในโอกาสมหามงคลเฉลิมพระชนมพรรษา ๕ รอบ ๒ เมษายน ๒๕๕๘
โดยหนังสือเล่มนี้ได้รวบรวม ๖๐ พระอัจฉริยภาพของสมเด็จพระเทพ ฯ
ผู้อ่านจะได้รับแรงบันดาลใจให้พากเพียรเรียนรู้และขยันอดทนทำการงาน
ตามรอยเบื้องพระยุคลบาท เพราะพระองค์ทรงเป็นแบบอย่างอันดีเยี่ยมในทุกด้าน
ทั้งในความใฝ่รู้ใฝ่เรียน คุณธรรมจริยธรรม พระวิริยอุตสาหะในการทรงงาน
และอื่นๆอีกมากมาย ล้วนสามารถสร้างแรงบันดาลใจให้แก่เด็กและเยาวชน
อีกทั้งประชาชนทั่วไป ให้พากเพียรเรียนรู้และขยันอดทนทำการงานตามรอยพระยุคลบาท
เพื่อฝึกฝนตนเองให้เป็นคนดีคนเก่งของครอบครัวและสังคมต่อไป

| รายการใกล้เคียง ผู้แต่ง [ทวีศักดิ์ เผือกสม] หัวเรื่อง [อินโดนีเซีย-ประวัติศาสตร์] |
แสดงความเห็นเกี่ยวกับหนังสือเล่มนี้ |
| คอมเมนท์ทรัพยากรรายการนี้ |
|
ห้องสมุดเฉลิมพระเกียรติกาญจนาภิเษก โรงเรียนพะเยาพิทยาคม อำเภอเมือง จังหวัดพะเยา 56000
![]()
![]()
E-mail :
Library Phayaopittayakom
05-4431-275 ต่อ 4621